Shakespeare Anagrams - Statistics

General Stats
  • This quiz has been taken 45 times
  • The average score is 6 of 15
Answer Stats
Play/Anagram First word Quote % Correct
Romeo and Juliet: Ace ghostwriters spur winos Parting... Parting is such sweet sorrow
90%
Hamlet: Not to boo beret To... To be or not to be
84%
Julius Caesar: Shifted more beachwear Beware... Beware the Ides of March
77%
Hamlet: They generate no nut Get... Get thee to a nunnery
71%
Hamlet: Be filthiest tis your vow Brevity... Brevity is the soul of wit
61%
King Richard III: Deaf fish hit who Off... Off with his head
61%
King Richard III: Downtown counterfeit histories Now... Now is the winter of our discontent
58%
Twelfth Night: Mob to flop you fishfaced evil one If... If music be the food of love play on
32%
Hamlet: Shapely tent thighs The... The play's the thing
26%
Merchant of Venice: Agitated throng still tolls All... All that glitters is not gold
23%
Hamlet: Borderline her own ornate bearer Neither... Neither a borrower nor a lender be
19%
As You Like It: Dead raven foray For... For ever and a day
10%
King Lear: Loon fencing with moonlight Nothing... Nothing will come of nothing
10%
I Henry IV: Guided elves hit hive Give... Give the devil his due
6%
Cymbeline: Shame pie gut The... The game is up
3%
No matching quizzes found
Score Distribution
Percent of People with Each Score
Percentile by Number Answered
Your Score History
You have not taken this quiz